000 00430nam a2200145 i 4500
001 141313
003 ES-MaACL
005 20230906200252.0
007 t|
008 070920s1918 sp ||||1| spa d
100 1 _aWilson, Woodrow.
_9117049
245 1 3 _aEl Presidente Wilson y la Liga de Naciones
_b: extractos de sus discursos, declaraciones y mensajes.
260 _aMadrid :
_b[s.n.],
_c1918.
852 _aES-MaACL
_j1551-F-8
999 _c141313
_d141313